[Event "Championnat de France 2022"]
[Site "ALBI"]
[Date "2022.08.21"]
[Round "9.1"]
[White "Degraeve, Remy"]
[Black "Laurent-Paoli, Pierre"]
[Result "1/2-1/2"]
[WhiteElo "2419"]
[BlackElo "2298"]
[PlyCount "96"]
[EventDate "2022.??.??"]

1. e4 {173} c5 {113} 2. Nc3 {128} Nc6 {18} 3. Bb5 {79} Nd4 {6} 4. Nf3 {3} a6 {
56} 5. Bd3 {3} e6 {9} 6. O-O {4} Nc6 {10} 7. Nd5 {54} g6 {89} 8. c3 {117} Bg7 {
259} 9. Ne3 {70} d5 {20} 10. exd5 {1012} exd5 {9} 11. Bc2 {863} Nge7 {829} 12.
d4 {10} cxd4 {5} 13. cxd4 {27} O-O {60} 14. Bb3 {640} Be6 {263} 15. Qd3 {132}
Qb6 {380} 16. Rd1 {11} Rac8 {186} 17. h3 {6} Qb5 {336} 18. Qxb5 {63} axb5 {115}
19. g4 {687} Na5 {417} 20. Ng2 {446} Nc4 {176} 21. Nf4 {10} Nc6 {49} 22. Bc2 {
525} Ra8 {533} 23. Kg2 {57} Rfd8 {160} 24. Ne2 {142} Nb4 {204} 25. Bb1 {7} Nc6
{93} 26. Bc2 {4} Nb4 {542} 27. Bb1 {2} Na5 {206} 28. Bd2 {28} Bf8 {4} 29. Bxb4
{113} Bxb4 {4} 30. Bd3 {4} Nc4 {46} 31. a3 {130} Nxb2 {273} 32. axb4 {4} Rxa1 {
5} 33. Rxa1 {2} Nxd3 {5} 34. Rb1 {175} Rc8 {53} 35. Rb3 {6} Nc1 {25} 36. Nxc1 {
4} Rxc1 {4} 37. Kg3 {49} f6 {80} 38. h4 {32} h6 {33} 39. Ra3 {396} g5 {78} 40.
Ra5 {178} Bd7 {244} 41. Ra8+ {48} Bc8 {191} 42. Ra5 {248} Bd7 {750} 43. Ra8+ {6
} Kg7 {40} 44. Rd8 {4} Bc6 {110} 45. Rc8 {21} Rc4 {116} 46. Rc7+ {7} Kg8 {46}
47. Rc8+ {5} Kf7 {267} 48. Rc7+ {5} Kg8 {256} 1/2-1/2

[Event "Championnat de France 2022"]
[Site "ALBI"]
[Date "2022.08.21"]
[Round "9.3"]
[White "Di Nicolantonio, Lucas"]
[Black "Flom, Gabriel"]
[Result "0-1"]
[WhiteElo "2387"]
[BlackElo "2406"]
[PlyCount "103"]
[EventDate "2022.??.??"]

1. e4 {2} d6 {14} 2. d4 {32} Nf6 {6} 3. Nc3 {39} e5 {52} 4. Nf3 {54} Nbd7 {12}
5. Rg1 {198} g6 {88} 6. Be3 {212} c6 {75} 7. g4 {762} h5 {8} 8. gxh5 {315} Rxh5
{13} 9. dxe5 {1517} Nxe5 {386} 10. Nxe5 {917} dxe5 {80} 11. Qxd8+ {49} Kxd8 {3}
12. Bg5 {24} Be7 {108} 13. O-O-O+ {21} Ke8 {161} 14. h4 {63} Nh7 {292} 15. Bxe7
{1016} Kxe7 {4} 16. Rh1 {5} Bg4 {1128} 17. Be2 {121} Nf6 {11} 18. f3 {329} Be6
{9} 19. f4 {15} Bg4 {14} 20. Bxg4 {218} Nxg4 {2} 21. Rdg1 {13} Nf6 {15} 22.
fxe5 {120} Rxe5 {109} 23. Rh3 {29} Rh8 {151} 24. Re1 {33} g5 {235} 25. Reh1 {5}
g4 {45} 26. Re3 {45} Reh5 {667} 27. e5 {5} Nd5 {302} 28. Nxd5+ {4} cxd5 {3} 29.
Rb3 {88} b6 {233} 30. Rb4 {23} Rxh4 {33} 31. Rg1 {5} R8h5 {178} 32. Rbxg4 {32}
Rxg4 {5} 33. Rxg4 {4} Rxe5 {2} 34. Kd2 {7} Ke6 {175} 35. Rg8 {14} f5 {188} 36.
Rg7 {116} f4 {40} 37. Rxa7 {19} Kf5 {161} 38. Rf7+ {21} Ke4 {91} 39. a4 {44} f3
{81} 40. b4 {35} Re6 {725} 41. c3 {661} Rg6 {235} 42. Re7+ {20} Kf4 {1} 43.
Rf7+ {291} Kg3 44. Ke3 {288} Re6+ 45. Kd4 {56} Rc6 {213} 46. a5 {144} bxa5 {12}
47. bxa5 {4} f2 {363} 48. Kxd5 {125} Rxc3 {15} 49. a6 {11} Ra3 {122} 50. Rg7+ {
47} Kf3 {2} 51. Rf7+ {16} Ke2 {4} 52. Re7+ {28} 0-1

[Event "Championnat de France 2022"]
[Site "ALBI"]
[Date "2022.08.21"]
[Round "9.4"]
[White "Bacrot, Alexandre"]
[Black "Philippe, Guillaume"]
[Result "1-0"]
[WhiteElo "2344"]
[BlackElo "2392"]
[PlyCount "107"]
[EventDate "2022.??.??"]

1. g3 {9} e5 {39} 2. Bg2 {13} Nf6 {13} 3. d3 {47} d5 {147} 4. Nf3 {121} Nc6 {8}
5. a3 {47} a5 {40} 6. b3 {10} Bd6 {150} 7. Bb2 {378} O-O {15} 8. e3 {166} Re8 {
141} 9. h3 b6 {920} 10. Nbd2 Ba6 {667} 11. c4 d4 {1375} 12. exd4 {373} exd4+ {
93} 13. Kf1 {4} Rb8 {64} 14. Kg1 {39} Bc5 {364} 15. Kh2 {110} h6 {72} 16. Re1 {
183} Qd7 {395} 17. Kg1 {214} Rxe1+ {46} 18. Nxe1 {15} Re8 {94} 19. Nc2 {181}
Ne5 {179} 20. Nf3 {85} Nxf3+ {652} 21. Qxf3 {5} Bc8 {30} 22. b4 axb4 23. axb4
Bf8 {189} 24. Bxd4 Nh7 {52} 25. h4 {359} c5 {254} 26. Bc3 {19} Rd8 {24} 27. b5
{615} Qxd3 {88} 28. Qxd3 {34} Rxd3 {4} 29. Be5 {14} Be6 {342} 30. Ne3 {61} Bd6
{124} 31. Ra8+ {38} Nf8 {5} 32. Rd8 {17} Bd7 {15} 33. Bxd6 {57} Rxd6 {8} 34.
Nd5 {146} f5 {117} 35. Rb8 {44} Kf7 {36} 36. Rxb6 {60} Rxb6 {19} 37. Nxb6 {4}
Ke6 {151} 38. Nd5 {121} Kd6 {95} 39. Ne3 {27} Be6 {92} 40. Bd5 {126} Bxd5 {399}
41. Nxd5 {15} Ke5 {30} 42. b6 {78} Nd7 {169} 43. b7 {508} Kd6 {104} 44. h5 {50}
Kc6 {187} 45. Ne7+ {11} Kxb7 {3} 46. Nxf5 {8} Ne5 {443} 47. Nxg7 {26} Nxc4 {4}
48. Nf5 {70} Nd2 {2} 49. Nxh6 {40} c4 {3} 50. Nf5 {18} c3 {3} 51. Ne3 {22} Nc4
{11} 52. Nxc4 {7} c2 {2} 53. Na5+ {5} Kb6 {3} 54. Nb3 {5} 1-0

[Event "Championnat de France 2022"]
[Site "ALBI"]
[Date "2022.08.21"]
[Round "9.5"]
[White "Lucas, Arthur"]
[Black "Rivalin, Kenny"]
[Result "1-0"]
[WhiteElo "2367"]
[BlackElo "2160"]
[PlyCount "51"]
[EventDate "2022.??.??"]

1. e4 {73} c5 {379} 2. Nf3 {35} d6 {24} 3. d4 {6} cxd4 {6} 4. Qxd4 {19} Nc6 {27
} 5. Qe3 {5} Nf6 {43} 6. Be2 {45} g6 {43} 7. h3 {14} Bg7 {7} 8. O-O {7} O-O {19
} 9. Rd1 {18} Nd7 {581} 10. Nc3 {18} Nc5 {842} 11. Rb1 {855} Bd7 {1269} 12. b4
{350} Ne6 {689} 13. Nd5 {220} Rc8 {138} 14. c4 {150} b6 {198} 15. Bb2 {1110}
Ne5 {48} 16. Nd2 {202} g5 {1120} 17. g3 {165} Ng6 {168} 18. Kh2 {1579} Bc6 {191
} 19. Bg4 {113} h6 {135} 20. Rf1 {123} Ne5 {40} 21. Bf5 {124} b5 {4} 22. f4 {
147} Nxc4 {69} 23. Nxc4 {2} bxc4 {1} 24. fxg5 {210} Bxd5 {52} 25. Bxg7 {99}
Nxg5 {54} 26. Bxh6 {192} 1-0

[Event "Championnat de France 2022"]
[Site "ALBI"]
[Date "2022.08.21"]
[Round "9.6"]
[White "Defromont, Benjamin"]
[Black "Lamard, Guillaume"]
[Result "0-1"]
[WhiteElo "2292"]
[BlackElo "2512"]
[PlyCount "180"]
[EventDate "2022.??.??"]

1. e4 {6} c5 {21} 2. Nf3 {13} d6 {4} 3. Bb5+ {13} Nd7 {7} 4. O-O {54} a6 {80}
5. Bd3 {11} Ngf6 {6} 6. Re1 {19} e6 {7} 7. c3 {49} b5 {31} 8. Bc2 {11} Bb7 {181
} 9. d4 {174} Be7 {40} 10. Nbd2 {49} Qc7 {68} 11. Nf1 {153} Rc8 {499} 12. Bd3 {
57} c4 {910} 13. Bc2 {152} a5 {49} 14. Bd2 {311} d5 {477} 15. e5 {305} Ne4 {9}
16. Ng3 {29} Nxd2 {52} 17. Qxd2 {189} g6 {332} 18. h4 {416} Qd8 {391} 19. Qh6 {
343} Bf8 {71} 20. Qf4 {318} h5 {46} 21. Ng5 {342} Qe7 {19} 22. Re3 {363} Bh6 {
107} 23. Ne2 {104} Bc6 {174} 24. a3 {134} Ra8 {52} 25. Rg3 {418} Rf8 {155} 26.
Qe3 {422} Rh8 {140} 27. f4 {231} Kd8 {162} 28. Rf3 {475} Kc7 {20} 29. Rff1 {4}
Kb7 {167} 30. Rfb1 {41} Nb6 {21} 31. Ng3 {220} Ra6 {160} 32. Nf1 {287} Rha8 {8}
33. Nd2 {43} Kc8 {171} 34. Qf3 {195} Kc7 {318} 35. b3 {83} Be8 {465} 36. Bd1 {
67} R6a7 {237} 37. Be2 {49} cxb3 {318} 38. Nxb3 {70} Na4 {9} 39. Nc1 {142} Rb8
{73} 40. Nd3 {181} Bc6 {85} 41. Rc1 {565} Kd8 {184} 42. Bd1 {258} Nb6 {6} 43.
Nc5 {42} Nd7 {23} 44. Nxd7 {33} Bxd7 {43} 45. Be2 {157} Be8 {199} 46. Qe3 {109}
Raa8 {267} 47. Nf3 {51} Bf8 {55} 48. Bd1 {329} Rc8 {77} 49. Bb3 {64} a4 {121}
50. Bd1 {24} Qc7 {17} 51. Be2 {84} Qa5 {38} 52. Nd2 {198} Be7 {40} 53. g3 {22}
Ra7 {48} 54. Nb1 {34} Rac7 {12} 55. Rd1 {50} Rxc3 {337} 56. Nxc3 {7} Rxc3 {17}
57. Rd3 {49} Rc2 {44} 58. Bd1 {210} Rc4 {27} 59. Rb1 {69} Qa7 {271} 60. Kh2 {19
} Qc7 {30} 61. Qd2 {26} Bd7 {34} 62. Rb2 {37} Ke8 {73} 63. Rc2 {37} Qa7 {17}
64. Rxc4 {74} bxc4 {14} 65. Rc3 {33} Bd8 {55} 66. Rc1 {17} Bb6 {16} 67. Rb1 {31
} Bxd4 {21} 68. Qb4 {48} Bc5 {70} 69. Qc3 {32} Bc6 {216} 70. Be2 {13} Kf8 {39}
71. Rc1 {48} Be7 {31} 72. Qf3 {29} Qb6 {41} 73. Kh3 {29} Qb2 {60} 74. Rc3 {33}
Bc5 {75} 75. f5 {17} gxf5 {73} 76. Qxh5 {36} Qxc3 {71} 77. Qh8+ {20} Ke7 {4}
78. Qf6+ {29} Kd7 {9} 79. Qxf7+ {5} Be7 {5} 80. Bh5 {5} Qxa3 {38} 81. Qg8 {20}
Kc7 {55} 82. Qxe6 {15} d4 {4} 83. Qxc4 {51} Qc5 {37} 84. Qe6 {66} a3 {27} 85.
Be2 {27} Bd5 {86} 86. Qa6 {7} a2 {25} 87. h5 {84} Qa3 {21} 88. Qb5 {22} a1=Q {
13} 89. Qxd5 {8} Qa8 {41} 90. Qc4+ {3} Qc6 {4} 0-1

[Event "Championnat de France 2022"]
[Site "ALBI"]
[Date "2022.08.21"]
[Round "9.7"]
[White "Kuhn, Clement"]
[Black "Degraeve, Jean-Marc"]
[Result "0-1"]
[WhiteElo "2273"]
[BlackElo "2508"]
[PlyCount "122"]
[EventDate "2022.??.??"]

1. d4 {14} Nf6 {257} 2. c4 {30} g6 {48} 3. f3 {52} Bg7 {20} 4. e4 {6} O-O {11}
5. Nc3 {8} d6 {6} 6. Be3 {22} a6 {46} 7. Nge2 {272} c6 {43} 8. c5 {633} b5 {237
} 9. cxb6 {25} Nbd7 {18} 10. Nf4 {869} Nxb6 {170} 11. Be2 {58} a5 {187} 12. h4
{168} Nfd7 {284} 13. h5 {412} e5 {20} 14. Nh3 {619} exd4 {175} 15. Bxd4 {5} Ne5
{9} 16. hxg6 {26} hxg6 {3} 17. f4 {657} c5 {42} 18. Be3 {262} Nec4 {289} 19.
Bc1 {143} Qh4+ {199} 20. Nf2 {466} Qg3 {5} 21. Qd3 {69} Qxd3 {123} 22. Bxd3 {
158} a4 {15} 23. Nfd1 {93} Ba6 {320} 24. Rb1 {138} Rfe8 {163} 25. Kf2 {180} Nd2
{195} 26. Bxa6 {584} Nxb1 {6} 27. Bb5 {18} Nxc3 {23} 28. Nxc3 {4} Bxc3 {1394}
29. bxc3 Rxe4 {13} 30. Bc6 {7} Rae8 {4} 31. Bxe8 {54} Rxe8 {2} 32. g4 {256} Nc4
{13} 33. f5 {51} gxf5 {117} 34. gxf5 Re5 {11} 35. Rh5 f6 {39} 36. Bf4 {50} Re4
{83} 37. Kf3 {11} Re1 {33} 38. Rh6 {67} Rf1+ {14} 39. Ke4 {83} Kg7 {326} 40.
Rh4 {14} Rd1 {43} 41. Rg4+ {443} Kf7 {59} 42. Rh4 {4} d5+ {15} 43. Kf3 {237}
Rd3+ {973} 44. Kg4 {185} Ne3+ {57} 45. Bxe3 {29} Rxe3 {1} 46. Rh7+ {2} Ke8 {12}
47. Ra7 {181} Rxc3 {228} 48. Rxa4 {7} d4 {43} 49. Ra6 {266} d3 {210} 50. Rxf6 {
175} Rc4+ {44} 51. Kf3 {4} Rd4 {5} 52. Re6+ {5} Kf7 {6} 53. Re1 {14} c4 {996}
54. Ke3 {119} Rh4 {2} 55. Rd1 {266} Kf6 {34} 56. a4 {138} Ke5 {212} 57. Rf1 {
171} Rh3+ {57} 58. Kf2 {37} c3 {109} 59. a5 {43} c2 {20} 60. f6 {56} d2 {21}
61. f7 {5} Rh8 {49} 0-1

[Event "Championnat de France 2022"]
[Site "ALBI"]
[Date "2022.08.21"]
[Round "9.8"]
[White "Le Goff, Damien"]
[Black "Duboue, Peio"]
[Result "0-1"]
[WhiteElo "2256"]
[BlackElo "2443"]
[PlyCount "80"]
[EventDate "2022.??.??"]

1. d4 {30} d5 {214} 2. c4 {9} dxc4 {3} 3. e3 {10} Nf6 {4} 4. Bxc4 {8} e6 {3} 5.
Nf3 {15} c5 {3} 6. O-O {32} a6 {3} 7. Nbd2 {44} Nc6 {128} 8. dxc5 {64} Bxc5 {7}
9. a3 {22} b5 {635} 10. Be2 {64} Qe7 {47} 11. b4 {198} Bb6 {143} 12. Bb2 {37}
O-O {101} 13. Rc1 {1342} Bb7 {61} 14. Qc2 {370} Rac8 {122} 15. Qb1 {60} Rfd8 {
931} 16. Nb3 {170} Rd5 {43} 17. Bd3 {1324} Rh5 {364} 18. Bxf6 {347} gxf6 {114}
19. Rfd1 {327} Rd8 {685} 20. h3 {93} Ne5 {183} 21. Nxe5 {56} fxe5 {9} 22. Be4 {
154} Bd5 {532} 23. Nc5 {158} Qh4 {81} 24. Bxd5 {179} exd5 {8} 25. Nb7 {236} Rd7
{288} 26. Qc2 {168} Rc7 {209} 27. Nc5 {5} Rc6 {227} 28. Rxd5 {72} Bxc5 {6} 29.
Rxc5 {106} Rg6 {18} 30. f4 {196} Qg3 {80} 31. Rxe5 {40} Rxh3 {104} 32. Kf1 {210
} Rh1+ {28} 33. Ke2 {5} Rh2 {684} 34. Qe4 {74} Rxg2+ {83} 35. Kd3 {1} Qh2 {99}
36. Re8+ {83} Kg7 37. Qe5+ {17} Kh6 {39} 38. Qa1 {100} Rd2+ {95} 39. Kc3 {7}
Rc6+ {13} 40. Kb3 {12} Rd3+ {2} 0-1

[Event "Championnat de France 2022"]
[Site "ALBI"]
[Date "2022.08.21"]
[Round "9.9"]
[White "Loiseau, Quentin"]
[Black "Durand-Le Ludec, Brendan-Budok"]
[Result "1-0"]
[WhiteElo "2432"]
[BlackElo "2217"]
[PlyCount "63"]
[EventDate "2022.??.??"]

1. d4 {46} Nf6 {10} 2. Nf3 {12} g6 {8} 3. c4 {5} Bg7 {5} 4. Nc3 {4} O-O {7} 5.
e4 {2} d6 {6} 6. Be2 {15} Nbd7 {100} 7. Be3 {33} e5 {13} 8. d5 {6} Nc5 {408} 9.
Nd2 {278} a5 {63} 10. g4 {69} Ne8 {42} 11. h4 {206} f5 {120} 12. g5 {65} c6 {
256} 13. h5 {78} Rf7 {138} 14. exf5 {193} gxf5 {439} 15. h6 {196} Bf8 {39} 16.
Qc2 {732} Rc7 {702} 17. f4 {203} Na6 {910} 18. a3 {472} Re7 {382} 19. Nf3 {343}
exf4 {495} 20. Bxf4 {513} Nc5 {6} 21. O-O-O {78} Qb6 {52} 22. g6 {655} hxg6 {41
} 23. Rdg1 {454} Kh7 {232} 24. Nh4 {213} Nb3+ {196} 25. Kb1 {3} Nd4 {31} 26.
Qd3 {518} Nxe2 {563} 27. Nxe2 {7} Nf6 {17} 28. Nxg6 {46} Rf7 {34} 29. Nxf8+ {34
} Rxf8 {2} 30. Rg7+ {4} Kh8 {7} 31. Qg3 {20} Ng4 {73} 32. Rxg4 {5} 1-0

[Event "Championnat de France 2022"]
[Site "ALBI"]
[Date "2022.08.21"]
[Round "9.10"]
[White "Gatineau, Yovann"]
[Black "Bournel, Antoine"]
[Result "0-1"]
[WhiteElo "2372"]
[BlackElo "2322"]
[PlyCount "84"]
[EventDate "2022.??.??"]

1. e4 {147} c6 {59} 2. d4 {51} d5 {20} 3. e5 {88} Bf5 {33} 4. Nf3 {31} e6 {34}
5. Be2 {6} c5 {29} 6. Be3 {16} Qb6 {36} 7. Nc3 {34} Nc6 {55} 8. O-O {8} Qxb2 {
52} 9. Qe1 {23} c4 {45} 10. Rb1 {306} Qa3 {28} 11. Nb5 {263} Qa4 {2} 12. Nc7+ {
47} Kd7 {25} 13. Nxa8 {21} Kc8 {20} 14. c3 {822} Bxb1 {1109} 15. Qxb1 {139} h6
{46} 16. Nh4 {1916} Qa5 {829} 17. Bh5 {168} Nd8 {460} 18. f4 {864} Qxc3 {106}
19. Bf2 {48} Ba3 {716} 20. Bxf7 {287} Ne7 {347} 21. Ng6 {136} Nxf7 {108} 22.
Nxe7+ {183} Bxe7 {10} 23. Qg6 {12} Nd8 {105} 24. Qxg7 {217} Re8 {12} 25. g4 {
331} Qd3 {108} 26. Kg2 {43} Kb8 {51} 27. Bh4 {25} Kxa8 {181} 28. Bxe7 {13} Nc6
{6} 29. Bh4 {52} Nxd4 {32} 30. h3 {32} c3 {82} 31. Qc7 {26} Nc6 {69} 32. Qd7 {
34} Rb8 {60} 33. Qd6 {30} c2 {127} 34. Qc5 {19} Rc8 {4} 35. Bf2 {30} d4 {86}
36. Rc1 {40} Qe4+ {11} 37. Kg3 {4} d3 {34} 38. Qe3 {56} Qd5 {7} 39. Qd2 {26}
Na5 {42} 40. Qb4 {32} Nc4 {261} 41. Qa4 {268} a6 {92} 42. Qxa6+ {4} bxa6 {7}
0-1